Estadística material y moral de los reclusos de la casa municipal de corrección de Barcelona / por el director del establecimiento D. José María Canalejas
Descripción Física:
50 p. : taules ; 27 cm
Materias:
Delinqüència juvenil -- Estadístiques
MARC
| LEADER | 00000nam a2200000Ia 4500 | ||
|---|---|---|---|
| 001 | 16687 | ||
| 008 | 160829s9999 xx 000 0 cat d | ||
| 080 | |a M-3-212 | ||
| 100 | |a Canalejas, José María |9 22772 | ||
| 245 | |a Estadística material y moral de los reclusos de la casa municipal de corrección de Barcelona / por el director del establecimiento D. José María Canalejas | ||
| 260 | |a Barcelona : |b Establecimiento Tipográfico de Narciso Ramírez y Rialp | ||
| 300 | |a 50 p. : |b taules ; |c 27 cm | ||
| 590 | |a Prové de la caixeta núm. 104 de Casa de Caritat, exp. 1314 | ||
| 650 | |a Delinqüència juvenil |x Estadístiques |9 22773 | ||
| 901 | |a Arxiu | ||
| 942 | |n 1 | ||
| 952 | |0 0 |1 0 |4 0 |6 M3212 |7 1 |9 42324 |a Arxiu |b Arxiu |d 2016-12-01 |l 0 |o M-3-212 |p 16687 |r 2016-12-01 00:00:00 |w 2016-12-01 |y ARXIU | ||
| 999 | |c 44802 |d 44802 | ||